Energia, municipi i qualitat de vida : 17 d'octubre de 1994 17 d'octubre de 1994
Publicado:
Barcelona :
Diputació de Barcelona. Àrea d'Acció Territorial i Medi Ambient. Servei de Medi Ambient, [1995]
Descripción Física:
23, 4, 17 p. : gràf. ; 30 cm
Materias:
Energia -- Espanya -- Congressos
MARC
| LEADER | 00000nam a2200000Ia 4500 | ||
|---|---|---|---|
| 001 | 24343 | ||
| 003 | BGR | ||
| 005 | 20260324180611.0 | ||
| 008 | 160829s9999 xx 000 0 cat d | ||
| 080 | |a FU-65-15 | ||
| 111 | |a Eficiència Energètica i Serveis Municipals. Jornada |9 70734 |c (Barcelona : |d 1994) | ||
| 245 | |a Energia, municipi i qualitat de vida : |b 17 d'octubre de 1994 | ||
| 260 | |a Barcelona : |b Diputació de Barcelona. Àrea d'Acció Territorial i Medi Ambient. Servei de Medi Ambient, [1995] | ||
| 300 | |a 23, 4, 17 p. : |b gràf. ; |c 30 cm | ||
| 590 | |a Text en castellà, català i anglès | ||
| 650 | |a Energia |x Espanya |x Congressos |9 49737 | ||
| 710 | 1 | |a Barcelona (Catalunya : Província). |b Servei de Medi Ambient |9 53475 | |
| 901 | |a Arxiu | ||
| 942 | |n 1 |2 udc |c MON | ||
| 952 | |0 0 |1 0 |4 0 |6 FU6515 |7 1 |9 55555 |a Arxiu |b Arxiu |d 2016-12-01 |l 0 |o FU-65-15 |p 24343 |r 2016-12-01 00:00:00 |w 2016-12-01 |y ARXIU | ||
| 999 | |c 59428 |d 59428 | ||